000 00563nam a2200181 i 4500
001 85425
003 ES-MaACL
005 20230906175235.0
007 t|
008 041129s1971 sp ||||1| spa d
100 1 _aJoyce, Mary R.
_967079
245 1 0 _aNuevas dinámicas del amor sexual /
_cpor Mary R. Joyce y Robert E. Joyce ; [traducción de Félix Alvarez].
260 _aSantander :
_bSal Terrae,
_c[1971]
300 _a308 p. ;
_c20 cm.
700 1 _aJoyce, Robert E.
_967080
700 1 _aAlvarez, Félix.
_920631
852 _aES-MaACL
_jC-44823
_bR.81346
999 _c85425
_d85425